January Sun (Record no. 1431)

MARC details
000 -LEADER
fixed length control field 00362nam a22001337a 4500
008 - FIXED-LENGTH DATA ELEMENTS--GENERAL INFORMATION
fixed length control field 230619b xxu||||| |||| 00| 0 eng d
020 ## - INTERNATIONAL STANDARD BOOK NUMBER
International Standard Book Number 0671645935
082 ## - DEWEY DECIMAL CLASSIFICATION NUMBER
Classification number 305.8
Item number STE
100 ## - MAIN ENTRY--PERSONAL NAME
Titles and words associated with a name Richard Stengel
245 ## - TITLE STATEMENT
Title January Sun
Remainder of title One Day . Three Lives .A South African Town
260 ## - PUBLICATION, DISTRIBUTION, ETC. (IMPRINT)
Place of publication, distribution, etc. New York
Name of publisher, distributor, etc. Siomon and Schuster
Date of publication, distribution, etc. 1990
300 ## - PHYSICAL DESCRIPTION
Extent 202p
942 ## - ADDED ENTRY ELEMENTS (KOHA)
Source of classification or shelving scheme Dewey Decimal Classification
Koha item type Books

No items available.

LIBRARY OPENING HOURS

When the Parliament is sitting: 8.00a.m - 7.00p.m or until the house adjourns
Mondays and Fridays and when the House is on Recess:  8.00a.m - 5.00p.m
Closed on Weekends and Public Holidays

Online Public Access Catalog (OPAC)
Website: http://www.parliament.go.ke
Bunge Library: https://libraryir.parliament.go.ke
Contact: library@parliament.go.ke | Tel no: (254-2)2221291 or 2848000 Ext 5043